000 00978nam a2200253Ia 4500
003 OSt
005 20220923215516.0
006 a|||||r|||| 00| 0
007 ta
008 220922b |||||||| |||| 00| 0 hin d
024 _a179,388
037 _cTextual
040 _aARTS
_cARTS
_bhin
041 _2hin
_ahin
082 _aO152,1J:g, M9.1
100 _aशर्मा, बलराज
_9156290
245 0 _aमध्यकालीन काव्य धाराएं एवं प्रतिनिध कवि भाग
_b1
246 _aMadhyakālīn kāvya dhārāean evan pratinidh kavi bhāga: 1
260 _aचन्डीगढ़
_b हरियाणा साहित्य अकादमी
_c1989
300 _a312 पृ.
_ccm.
490 _aसाहित्य समालोचना ग्रन्थमाला; 11
942 _hO152,1J:g, M9.1
_cTEXL
_2CC
999 _c332769
_d332769